000
00276nam a22000977a 4500
005
20250901165613.0
008
240321b |||||||| |||| 00| 0 eng d
050
_a
HF5679.B37 1992
245
_a
COMPUTERISED ACCOUNTS
_c
Bassett, P.H.
942
_2
lcc
_h
HF5679.B37 1992
999
_c
6557
_d
6557